000 00552nam a2200229Ia 4500
005 20250425162642.0
008 250425s9999 xx 000 0 und d
020 _a0471952516
041 _aeng
082 _a616.01
100 _aPATRICK, S.
245 0 _aIMMUNOLOGICAL AND MOLECULAR ASPECTS OF BACTERIAL VIRULENCE
250 _aS.E
260 _aEstados Unidos
_bJOHN WILEY & SONS
_c1995
260 _aNEW YORK
300 _a275
650 _aBACTERIAS
650 _aVIRUS
700 _aLARKIN, M.J.
942 _c01
010 _a94196
999 _c233661
_d233661